000 00671nam a2200265Ia 4500
005 20260121161425.0
008 008 260114s9999 xx 000 0 eng d
020 _a9780429159343
037 _aEBOOK
040 _aCRL
040 _beng
040 _cCRL
041 _2eng
041 _aeng
084 _qCRL
100 _aDiabetes Mellitus and Human Health Care
_91044561
245 0 _aMathew Sebastian; Robin Augustine; Anne George
260 _bTaylor and Francis
260 _c2014
650 _aMedicine
_91044562
856 _uhttp://www.taylorfrancis.com/books/9780429159343
942 _cEBOOK
999 _c1610688
_d1610688